01530 a2200193 45000010006000000050017000060080041000230030015000640400040000790800039001192450027001580200022001852500011002072640033002183000030002515050911002811000027011928560117012191405420260407155446.0260407a2004 arg spa dAR-UNSa-BCEJYS aAR-UNSa-BCEJYSbspacAR-UNSa-BCEJYS a657.6xAuditoria (control interno)10aTratado de auditoría a978-987-03-0448-7 a3a. ed 1aBuenos Aires :bLa Leyc2004 a2 v. (482, 545 p.)c24 cm a1. Las auditorías de estados contables - 2. Regulaciones - 3. La independencia - 4. Ética y disciplina profesional - 5. Los sistemas de control de calidad y sus revisiones - 6. Responsabilidad del auditor - 8. La carta con recomendaciones - 9. El contrato de auditoría y la relación con el cliente - 10. Procedimientos de auditoría - 11. Planeamiento y administración de una auditoría - 12. Muestreo - 13. Documentación de la auditoría - 14. Controles internos que interesan al auditor - 15. Pruebas sobre controles y movimentos contables - 16. Pruebas directas sobre componentes de los estados contables - 17. Cierre de la auditoría - 18. Revisiones (limitadas) de estados contables - 19. Otros servicios de credibilidad sobre informaciones contables - 20. Servicios de credibilidad sobre informaciones prospectivas - 21. Aplicaciones de procedimientos acordados - 22. Compilaciones 1 aFowler Newton, Enrique41uhttps://biblioeco.unsa.edu.ar/pmb/images/libros/Tratado de auditoria2-l116157.jpgyImagen de portadaqimage/jpeg